| 000 | 00397nam a2200157Ia 4500 | ||
|---|---|---|---|
| 008 | 210716s2003 xx 000 0 und d | ||
| 020 | _a8125915362 | ||
| 041 | _aeng | ||
| 082 | _a332.024 BHAH | ||
| 100 | _aBhatia, H L. | ||
| 245 | _aPublic finance. | ||
| 250 | _a26 | ||
| 260 |
_aNew Delhi _bVikas Publishing House Pvt Ltd _c2003 |
||
| 300 | _axiii,759/2008 | ||
| 650 | _aPublic finance(336) | ||
| 999 |
_c203295 _d203295 |
||